Geografía de américa y regiones polares /

Guardado en:
Autor Principal: Sarrailh, Efi E. O. de
Otros Autores: Andina, María A., Somoza, Elsa J.
Formato: Libro
Publicado: Buenos Aires : El Ateneo, 1987
Edición:3a. ed.
Materias:
Etiquetas: Agregar Etiqueta
Sin Etiquetas, Sea el primero en etiquetar este registro!
LEADER 01339nam a22003135a 4500
001 CEM.cems005838
005 20110228131921.0
008 130507s1987##################000#0#####d
003 CEMS
020 |a 950027275X 
082 0 4 |a 918 
100 1 |a Sarrailh, Efi E. O. de 
245 1 0 |a Geografía de américa y regiones polares /  |c Efi E. O. de Sarrailh, María A. Andina, Elsa J. Somoza 
250 |a 3a. ed. 
260 |a Buenos Aires :  |b El Ateneo,  |c 1987 
300 |a 258 p. 
505 0 |a El nuevo mundo -- El medio físico -- El medio humano -- El mundo de los hielos -- América del Norte -- América media -- América del Sur 
653 |a Geografía 
653 |a Geografía de américa 
700 1 |a Andina, María A. 
700 1 |a Somoza, Elsa J. 
859 |a CEMS  |b BIB. CEMS - 11 de abril  |h 918  |i Sa75a3  |p 14925.88  |t Ej.1 
859 |a CEMS  |b BIB. CEMS - 11 de abril  |h 918  |i Sa75a3  |p 14926.88  |t Ej.2 
859 |a CEMS  |b BIB. CEMS - 11 de abril  |h 918  |i Sa75a3  |p 14927.88  |t Ej.3 
859 |a CEMS  |b BIB. CEMS - 11 de abril  |h 918  |i Sa75a3  |p 14928.88  |t Ej.4 
859 |a CEMS  |b BIB. CEMS - 11 de abril  |h 918  |i Sa75a3  |p 14929.88  |t Ej.5 
859 |a CEMS  |b BIB. CEMS - 11 de abril  |h 918  |i Sa75a3  |p 15763.90  |t Ej.6 
859 |a CEMS  |b BIB. CEMS - 11 de abril  |h 918  |i Sa75a3  |p 15764.90  |t Ej.7 
859 |a CEMS  |b BIB. CEMS - 11 de abril  |h 918  |i Sa75a3  |p 15765.90  |t Ej.8